<?xml version="1.0" encoding="UTF-8"?>
<record
    xmlns:xsi="http://www.w3.org/2001/XMLSchema-instance"
    xsi:schemaLocation="http://www.loc.gov/MARC21/slim http://www.loc.gov/standards/marcxml/schema/MARC21slim.xsd"
    xmlns="http://www.loc.gov/MARC21/slim">

  <leader>01297nam a2200361 a 4500</leader>
  <controlfield tag="005">20260219111314.0</controlfield>
  <controlfield tag="008">100618s2016    ag a   f |||| 001 0 spa d</controlfield>
  <datafield tag="020" ind1=" " ind2=" ">
    <subfield code="a">9789500298834</subfield>
  </datafield>
  <datafield tag="041" ind1=" " ind2=" ">
    <subfield code="a">spa</subfield>
  </datafield>
  <datafield tag="092" ind1=" " ind2=" ">
    <subfield code="c">618</subfield>
    <subfield code="l">77</subfield>
    <subfield code="s">SCH</subfield>
  </datafield>
  <datafield tag="100" ind1="1" ind2=" ">
    <subfield code="a">Schwarcz, Ricardo</subfield>
    <subfield code="9">2911</subfield>
  </datafield>
  <datafield tag="245" ind1=" " ind2=" ">
    <subfield code="a">Obstetricia /  </subfield>
    <subfield code="c">Ricardo Schwarcz</subfield>
  </datafield>
  <datafield tag="250" ind1=" " ind2=" ">
    <subfield code="a">7a ed. </subfield>
  </datafield>
  <datafield tag="260" ind1=" " ind2=" ">
    <subfield code="a">Buenos Aires: </subfield>
    <subfield code="b">El Ateneo;</subfield>
    <subfield code="c">2016.</subfield>
  </datafield>
  <datafield tag="300" ind1=" " ind2=" ">
    <subfield code="a">784 p.</subfield>
    <subfield code="c">26x18 cm.</subfield>
  </datafield>
  <datafield tag="500" ind1=" " ind2=" ">
    <subfield code="a">Schwarcz, R. L., Fescina, R. H. y Duverges, C. (2016). Obstetricia. (7a ed.). Buenos Aires : El Ateneo.</subfield>
  </datafield>
  <datafield tag="653" ind1=" " ind2=" ">
    <subfield code="a">Anatom&#xED;a de los &#xF3;rganos femeninos de la reproducci&#xF3;n</subfield>
  </datafield>
  <datafield tag="653" ind1=" " ind2=" ">
    <subfield code="a">Origen y desarrollo del embarazo</subfield>
  </datafield>
  <datafield tag="653" ind1=" " ind2=" ">
    <subfield code="a">M&#xF3;vil fetal y canal del parto</subfield>
  </datafield>
  <datafield tag="653" ind1=" " ind2=" ">
    <subfield code="a">Modificaciones de la anatom&#xED;a y fisiolog&#xED;a maternas producidas por el embarazo</subfield>
  </datafield>
  <datafield tag="653" ind1=" " ind2=" ">
    <subfield code="a">Examen de la mujer gr&#xE1;vida</subfield>
  </datafield>
  <datafield tag="653" ind1=" " ind2=" ">
    <subfield code="a">Alto riesgo materno-perinatal</subfield>
  </datafield>
  <datafield tag="653" ind1=" " ind2=" ">
    <subfield code="a">Cuidado prenatal</subfield>
  </datafield>
  <datafield tag="653" ind1=" " ind2=" ">
    <subfield code="a">Embarazo patol&#xF3;gico</subfield>
  </datafield>
  <datafield tag="653" ind1=" " ind2=" ">
    <subfield code="a">Enfermedades maternas inducidas por el embarazo o que lo complican</subfield>
  </datafield>
  <datafield tag="653" ind1=" " ind2=" ">
    <subfield code="a">Inmunolog&#xED;a perinatal</subfield>
  </datafield>
  <datafield tag="653" ind1=" " ind2=" ">
    <subfield code="a">Parto normal</subfield>
  </datafield>
  <datafield tag="653" ind1=" " ind2=" ">
    <subfield code="a">Parto patol&#xF3;gico</subfield>
  </datafield>
  <datafield tag="653" ind1=" " ind2=" ">
    <subfield code="a">Operaciones obst&#xE9;tricas</subfield>
  </datafield>
  <datafield tag="700" ind1="1" ind2=" ">
    <subfield code="a">Fescina, Ricardo Horacio.</subfield>
    <subfield code="9">1047</subfield>
  </datafield>
  <datafield tag="700" ind1="1" ind2=" ">
    <subfield code="a">Duverges, Carlos</subfield>
    <subfield code="9">1048</subfield>
  </datafield>
  <datafield tag="942" ind1=" " ind2=" ">
    <subfield code="2">ddc</subfield>
    <subfield code="c">BK</subfield>
    <subfield code="0">3</subfield>
  </datafield>
  <datafield tag="999" ind1=" " ind2=" ">
    <subfield code="c">3317</subfield>
    <subfield code="d">3317</subfield>
  </datafield>
  <datafield tag="952" ind1=" " ind2=" ">
    <subfield code="0">0</subfield>
    <subfield code="1">0</subfield>
    <subfield code="2">ddc</subfield>
    <subfield code="4">0</subfield>
    <subfield code="7">0</subfield>
    <subfield code="a">BFM</subfield>
    <subfield code="b">BFM</subfield>
    <subfield code="c">CR</subfield>
    <subfield code="d">2026-02-18</subfield>
    <subfield code="e">Donaci&#xF3;n Castro, Ver&#xF3;nica. Febrero 2026</subfield>
    <subfield code="l">1</subfield>
    <subfield code="m">1</subfield>
    <subfield code="o">618 77 SCH</subfield>
    <subfield code="p">5144</subfield>
    <subfield code="r">2026-05-18</subfield>
    <subfield code="s">2026-05-11</subfield>
    <subfield code="t">Ej. 13</subfield>
    <subfield code="w">2026-02-19</subfield>
    <subfield code="y">BK</subfield>
    <subfield code="z">Donaci&#xF3;n Castro, Ver&#xF3;nica. Febrero 2026. Sede Tordos.</subfield>
    <subfield code="f"></subfield>
  </datafield>
</record>
